[Event "HUN-chT2 Toth 1314"]
[Site "Hungary"]
[Date "2013.09.08"]
[Round "1.9"]
[White "Ezsias, Istvan"]
[Black "Horvath, Adam1111"]
[Result "1-0"]
[WhiteElo "1832"]
[BlackElo "1782"]
[PlyCount "23"]
[EventDate "2013.09.08"]
[EventType "team-tourn"]
[EventRounds "11"]
[EventCountry "HUN"]
[SourceTitle "EXT 2016"]
[Source "ChessBase"]
[SourceDate "2015.10.08"]
[SourceVersion "1"]
[SourceVersionDate "2015.10.08"]
[SourceQuality "1"]
[WhiteTeam "Abony"]
[BlackTeam "Csongrad Felegyhaza"]
[WhiteTeamCountry "HUN"]
[BlackTeamCountry "HUN"]

1. e4 c5 2. Nf3 e6 3. c3 Nf6 4. d3 Nc6 5. Bg5 Be7 6. Nbd2 b6 7. d4 cxd4 8. cxd4 d5 9. Bb5 Bb7 10. Qa4 Rc8 11. Ne5 0-0 12. Bxc6 1-0

[Event "HUN-chT2 Toth 1112"]
[Site "Hungary"]
[Date "2012.05.20"]
[Round "11.7"]
[White "Nagy Dani, Karoly"]
[Black "Ezsias, Istvan"]
[Result "0-1"]
[WhiteElo "1979"]
[BlackElo "1844"]
[PlyCount "72"]
[EventDate "2011.09.25"]
[EventType "team-tourn"]
[EventRounds "11"]
[EventCountry "HUN"]
[SourceTitle "EXT 2013"]
[Source "ChessBase"]
[SourceDate "2012.11.22"]
[SourceVersion "1"]
[SourceVersionDate "2012.11.22"]
[SourceQuality "1"]
[WhiteTeam "Roszke II"]
[BlackTeam "Abony"]
[WhiteTeamCountry "HUN"]
[BlackTeamCountry "HUN"]

1. Nf3 Nf6 2. g3 d5 3. d4 Nc6 4. Bg2 Bf5 5. Nbd2 Nb4 6. e4 dxe4 7. Nh4 Bg4 8. f3 exf3 9. Nhxf3 Bf5 10. 0-0 Bxc2 11. Qe1 Bd3 12. Qd1 Bxf1 13. Qa4+ Nc6 14. Nxf1 e6 15. Be3 Bd6 16. Ne5 Bxe5 17. dxe5 Nd5 18. Bc5 Qg5 19. Rd1 Qxe5 20. Bd4 Qg5 21. h4 Qg6 22. Bc5 Rd8 23. Ne3 Qxg3 24. Kh1 Nde7 25. Rxd8+ Kxd8 26. Qe4 Qe5 27. Qd3+ Kc8 28. Qa3 Nd5 29. Nxd5 exd5 30. Bf2 f5 31. h5 g5 32. Qc5 Rd8 33. Qb5 g4 34. Qd3 f4 35. Qxh7 f3 36. Bf1 Rh8 0-1

[Event "HUN-chT2 Toth 1112"]
[Site "Hungary"]
[Date "2012.01.29"]
[Round "5.9"]
[White "Nagy, Jozsef"]
[Black "Ezsias, Istvan"]
[Result "1-0"]
[WhiteElo "1864"]
[BlackElo "1844"]
[PlyCount "87"]
[EventDate "2011.09.25"]
[EventType "team-tourn"]
[EventRounds "11"]
[EventCountry "HUN"]
[SourceTitle "EXT 2013"]
[Source "ChessBase"]
[SourceDate "2012.11.22"]
[SourceVersion "1"]
[SourceVersionDate "2012.11.22"]
[SourceQuality "1"]
[WhiteTeam "KHTK"]
[BlackTeam "Abony"]
[WhiteTeamCountry "HUN"]
[BlackTeamCountry "HUN"]

1. d4 d5 2. Nf3 Nf6 3. c4 g6 4. Nc3 c6 5. e3 Bg4 6. Be2 Nbd7 7. cxd5 cxd5 8. Qb3 Nb6 9. Bb5+ Bd7 10. Ne5 e6 11. a4 a5 12. Bxd7+ Nfxd7 13. Nxd7 Nxd7 14. Qxb7 Bb4 15. 0-0 0-0 16. Qb5 Nf6 17. Qd3 Rc8 18. f3 Qc7 19. Bd2 e5 20. Rac1 Qd6 21. Nb5 Qe7 22. dxe5 Qxe5 23. Bxb4 axb4 24. Qd4 Qe7 25. b3 Rfe8 26. Rxc8 Rxc8 27. Qd2 Qc5 28. Nd4 Rc7 29. Ra1 Kf8 30. Ne2 Ke7 31. Rc1 Qb6 32. Rxc7+ Qxc7 33. Qxb4+ Kd8 34. Qc3 Qb6 35. Nd4 Kd7 36. a5 Qb7 37. b4 Ne8 38. Kf2 Nd6 39. Qc5 f5 40. b5 g5 41. a6 Qa8 42. Qc6+ Qxc6 43. bxc6+ Kc7 44. a7 1-0

[Event "HUN-chT2 Toth 1011"]
[Site "Hungary"]
[Date "2010.11.21"]
[Round "6.9"]
[White "Ezsias, Istvan"]
[Black "Baranyai, Antal"]
[Result "0-1"]
[WhiteElo "1854"]
[BlackElo "1758"]
[PlyCount "179"]
[EventDate "2010.09.12"]
[EventType "team-tourn"]
[EventRounds "11"]
[EventCountry "HUN"]
[SourceTitle "EXT 2012"]
[Source "ChessBase"]
[SourceDate "2011.11.24"]
[SourceVersion "1"]
[SourceVersionDate "2011.11.24"]
[SourceQuality "1"]
[WhiteTeam "Abony"]
[BlackTeam "Nadudvar"]
[WhiteTeamCountry "HUN"]
[BlackTeamCountry "HUN"]

1. e4 e5 2. Nf3 Nc6 3. Bc4 d6 4. d4 Be7 5. dxe5 dxe5 6. Qxd8+ Bxd8 7. 0-0 Nf6 8. Nc3 0-0 9. h3 h6 10. Be3 Re8 11. a3 Bd7 12. b4 a6 13. Rad1 Be6 14. Bd5 Bxd5 15. exd5 Na7 16. a4 Nc8 17. g4 Nd6 18. Rfe1 Nd7 19. Nd2 Bf6 20. Nce4 Be7 21. c3 Rac8 22. Nxd6 cxd6 23. c4 g5 24. a5 Nf6 25. f3 Kg7 26. Rc1 Kg6 27. Ne4 Bf8 28. Kg2 Be7 29. c5 Nxe4 30. fxe4 dxc5 31. bxc5 Red8 32. Red1 Rd7 33. c6 bxc6 34. Bb6 f6 35. Rc4 Bd8 36. Rdc1 c5 37. Rxc5 Rxc5 38. Rxc5 Bxb6 39. axb6 Rb7 40. Rc6 a5 41. Rc5 Rxb6 42. Rxa5 Rb2+ 43. Kf1 Rb4 44. d6 Kf7 45. Rd5 Ke8 46. d7+ Kd8 47. Rd6 Rxe4 48. Kg2 Rf4 49. Kg3 e4 50. Kg2 e3 51. Kg3 e2 52. Re6 Kxd7 53. Rxe2 Rc4 54. Re3 Rf4 55. Ra3 Ke6 56. Ra7 Rc4 57. Rh7 Ke5 58. Re7+ Kd5 59. Re8 Rc3+ 60. Kg2 Rb3 61. Rh8 Ke5 62. Rxh6 Rc3 63. Kf2 Rc7 64. Rh5 Kf4 65. Rh6 Rc2+ 66. Ke1 Kg3 67. Kf1 Rf2+ 68. Ke1 Rf4 69. Rh5 Rf2 70. Rh6 Rf4 71. Ke2 f5 72. Rh5 Rf2+ 73. Ke3 f4+ 74. Kd3 Rf3+ 75. Ke2 Rb3 76. Rxg5 Kxh3 77. Rh5+ Kxg4 78. Rh1 f3+ 79. Kf2 Rb2+ 80. Ke3 Re2+ 81. Kd3 Re6 82. Rh8 Kg3 83. Rg8+ Kf2 84. Rh8 Kg2 85. Rg8+ Kf1 86. Kd2 Re2+ 87. Kd1 Rf2 88. Rg7 Rg2 89. Ra7 Kg1 90. Ra1 0-1

[Event "HUN-chT2 Toth 1011"]
[Site "Hungary"]
[Date "2010.09.26"]
[Round "2.8"]
[White "Nagy, Jozsef"]
[Black "Ezsias, Istvan"]
[Result "0-1"]
[WhiteElo "1903"]
[BlackElo "1854"]
[PlyCount "134"]
[EventDate "2010.09.12"]
[EventType "team-tourn"]
[EventRounds "11"]
[EventCountry "HUN"]
[SourceTitle "EXT 2012"]
[Source "ChessBase"]
[SourceDate "2011.11.24"]
[SourceVersion "1"]
[SourceVersionDate "2011.11.24"]
[SourceQuality "1"]
[WhiteTeam "Csongrad Felegyhaza"]
[BlackTeam "Abony"]
[WhiteTeamCountry "HUN"]
[BlackTeamCountry "HUN"]

1. d4 Nf6 2. c4 d6 3. Nc3 Nc6 4. e4 e6 5. Nf3 Be7 6. a3 0-0 7. b4 a6 8. Bb2 d5 9. e5 Ne4 10. Bd3 Ng5 11. Nxg5 Bxg5 12. Ne2 Bh6 13. c5 f5 14. Bc1 Bxc1 15. Qxc1 Ne7 16. h4 Ng6 17. g3 Bd7 18. h5 Nh8 19. Nf4 Qg5 20. Qb2 c6 21. Qe2 Nf7 22. Rh3 Nh6 23. f3 Kh8 24. Kf2 Rf7 25. Rhh1 Kg8 26. a4 Rff8 27. b5 axb5 28. axb5 Rfb8 29. Rhb1 Qd8 30. Rxa8 Rxa8 31. bxc6 bxc6 32. Rb6 Kf7 33. Qb2 g5 34. hxg6+ hxg6 35. Be2 Ng8 36. Ba6 g5 37. Ne2 Ne7 38. Qc1 Qg8 39. Qh1 Qg6 40. Bd3 Rg8 41. Rb7 Bc8 42. Ra7 Qg7 43. Nc3 Rh8 44. Qg1 Qh6 45. Na4 Qh2+ 46. Qg2 Ke8 47. Nb6 Kd8 48. Ra8 Kc7 49. Ra7+ Kd8 50. Bf1 f4 51. g4 Qh4+ 52. Ke2 Qg3 53. Qxg3 fxg3 54. Bg2 Ng6 55. Kf1 Nf4 56. Kg1 Rh2 57. Ra2 Kc7 58. Na4 Ba6 59. Nc3 Kb7 60. Rb2+ Kc7 61. Ra2 Bc4 62. Rb2 Nh3+ 63. Bxh3 Rxb2 64. Na4 Ra2 65. Nb6 Bd3 66. f4 gxf4 67. g5 f3 0-1